Normal view
MARC view
Entry Personal Name
001 - CONTROL NUMBER
- control field: 33068
003 - CONTROL NUMBER IDENTIFIER
- control field: dpl
005 - DATE AND TIME OF LATEST TRANSACTION
- control field: 20110818152731.0
008 - FIXED-LENGTH DATA ELEMENTS
- fixed length control field: 110818|||a|||||| | ||| d
040 ## - CATALOGING SOURCE
- Original cataloging agency: dpl
- Transcribing agency: dpl
100 ## - HEADING--PERSONAL NAME
- Personal name: McGee, Suzanne.
670 ## - SOURCE DATA FOUND
- Source citation: Work cat.: (dpl)55558: McGee, Suzanne., Chasing Goldman Sachs :, c2010.
670 ## - SOURCE DATA FOUND
- Source citation: Work cat.: (dpl)55558: McGee, Suzanne., Chasing Goldman Sachs :, c2010.
